<?xml version="1.0" encoding="UTF-8"?>
<collection xmlns="http://www.loc.gov/MARC21/slim">
    <record>
        <controlfield tag="001">7422</controlfield>
        <controlfield tag="005">20190219123657.0</controlfield>
        <datafield tag="037" ind1=" " ind2=" ">
            <subfield code="a">TESIS-2012-069</subfield>
        </datafield>
        <datafield tag="041" ind1=" " ind2=" ">
            <subfield code="a">spa</subfield>
        </datafield>
        <datafield tag="100" ind1="1" ind2=" ">
            <subfield code="a">Sanjuán Alvarez, Marta</subfield>
        </datafield>
        <datafield tag="245" ind1="0" ind2="0">
            <subfield code="a">De la experiencia de la lectura a la educación literaria</subfield>
            <subfield code="b">Análisis de los componentes emocionales de la lectura literaria en la infancia y la adolescencia</subfield>
        </datafield>
        <datafield tag="260" ind1=" " ind2=" ">
            <subfield code="a">Zaragoza</subfield>
            <subfield code="b">Universidad de Zaragoza</subfield>
            <subfield code="c">2011</subfield>
        </datafield>
        <datafield tag="300" ind1=" " ind2=" ">
            <subfield code="a">1249</subfield>
        </datafield>
        <datafield tag="500" ind1=" " ind2=" ">
            <subfield code="a">Presentado:  28 06 2011</subfield>
        </datafield>
        <datafield tag="502" ind1=" " ind2=" ">
            <subfield code="a">Tesis-Univ. Zaragoza</subfield>
            <subfield code="b">Zaragoza, Universidad de Zaragoza</subfield>
            <subfield code="c">2011</subfield>
        </datafield>
        <datafield tag="506" ind1=" " ind2=" ">
            <subfield code="a">by-nc-nd</subfield>
            <subfield code="b">Creative Commons</subfield>
            <subfield code="c">3.0</subfield>
            <subfield code="u">https://creativecommons.org/licenses/by-nc-nd/3.0/</subfield>
        </datafield>
        <datafield tag="520" ind1=" " ind2=" ">
            <subfield code="a">La investigación realizada parte de la hipótesis de que las prácticas más habituales de educación literaria están poniendo el énfasis en los aspectos cognitivos del proceso lector y en la literatura como hecho cultural e histórico, a costa de marginar una faceta esencial en la relación entre la literatura y el lector: el componente emocional, la experiencia individual de la lectura, la posibilidad de que la literatura transforme al lector en una múltiple dimensión vital, afectiva, ética y estética. El marco teórico presenta el concepto de experiencia de la lectura como complementario al de competencia lectora y literaria. Por otra parte, se considera al lector como un ser social y cultural, y se intenta una caracterización del lector adolescente actual. La finalidad principal de la investigación es la de analizar, a partir de las opiniones de profesores y alumnos, cómo se vive la experiencia de la lectura literaria en la escuela: ¿favorece la educación literaria que reciben los niños y adolescentes su descubrimiento de la experiencia lectora? ¿adquiere la literatura un papel determinante en su formación como individuos y en la construcción de su identidad social y cultural?   A partir de estas preguntas de investigación, se ha optado por un diseño de investigación etnográfica de tipo cualitativo-interpretativo. Los sujetos informantes son estudiantes de la Universidad de Zaragoza (alumnos del CAP y de la diplomatura de maestro) y un grupo de profesores de literatura de institutos de educación secundaria de Aragón. Mediante entrevistas abiertas, grupos de discusión y cuestionarios semi-estructurados se han obtenido abundantes datos de carácter descriptivo, así como sobre creencias y percepciones de alumnos y profesores, que han confirmado, en términos generales, la hipótesis inicial: si bien en la educación primaria y secundaria se van abriendo paso algunas prácticas de aula que dan cabida al componente emocional de la lectura literaria, la metodología predominante sigue favoreciendo un acercamiento excesivamente formalista y conceptual a la educación literaria, que no favorece el establecimiento de vínculos emocionales entre el lector y los textos. Como consecuencia de los resultados obtenidos en la investigación etnográfica, y con apoyo del marco teórico desarrollado, se propone finalmente una aproximación metodológica a la educación literaria en la educación secundaria que toma como eje conductor el concepto de experiencia de la lectura.</subfield>
        </datafield>
        <datafield tag="653" ind1="1" ind2=" ">
            <subfield code="a">educación literaria</subfield>
        </datafield>
        <datafield tag="653" ind1="1" ind2=" ">
            <subfield code="a">psicología cognitiva</subfield>
        </datafield>
        <datafield tag="653" ind1="1" ind2=" ">
            <subfield code="a">lectura</subfield>
        </datafield>
        <datafield tag="653" ind1="1" ind2=" ">
            <subfield code="a">competencias lectoras</subfield>
        </datafield>
        <datafield tag="700" ind1=" " ind2=" ">
            <subfield code="a">Mendoza Fillola, Antonio</subfield>
            <subfield code="e">dir.</subfield>
        </datafield>
        <datafield tag="700" ind1=" " ind2=" ">
            <subfield code="a">Tabernero, Rosa</subfield>
            <subfield code="e">dir.</subfield>
        </datafield>
        <datafield tag="710" ind1="2" ind2=" ">
            <subfield code="a">Universidad de Zaragoza</subfield>
            <subfield code="b">Didáctica de las Lenguas y de las Ciencias Humanas y Sociales</subfield>
        </datafield>
        <datafield tag="856" ind1="0" ind2=" ">
            <subfield code="f">zaguan@unizar.es</subfield>
        </datafield>
        <datafield tag="856" ind1="4" ind2=" ">
            <subfield code="s">122300595</subfield>
            <subfield code="u">http://zaguan.unizar.es/record/7422/files/TESIS-2012-069.pdf</subfield>
            <subfield code="z">Texto completo (spa)</subfield>
        </datafield>
        <datafield tag="909" ind1="C" ind2="O">
            <subfield code="o">oai:zaguan.unizar.es:7422</subfield>
        </datafield>
        <datafield tag="909" ind1="c" ind2="o">
            <subfield code="p">tesis</subfield>
        </datafield>
        <datafield tag="909" ind1="C" ind2="O">
            <subfield code="p">driver</subfield>
        </datafield>
        <datafield tag="910" ind1="2" ind2=" ">
            <subfield code="a">Didáctica de la Lengua y la Literatura</subfield>
            <subfield code="b">Didáctica de las Lenguas y de las Ciencias Humanas y Sociales</subfield>
        </datafield>
        <datafield tag="980" ind1=" " ind2=" ">
            <subfield code="a">TESIS</subfield>
        </datafield>
    </record>

    
</collection>